System of Food Security
Potravinová bezpečnosť. Bezpečnosť a kvalita potravín - normy. Systém rýchleho varovania. Globálny index potravinovej bezpečnosti.
Gespeichert in:
| 1. Verfasser: | |
|---|---|
| Weitere Verfasser: | |
| Format: | Buchkapitel |
| Sprache: | Slowakisch |
| Schlagworte: | |
| Tags: |
Keine Tags, Fügen Sie das erste Tag hinzu!
|
MARC
| LEADER | 00000naa$a2200000$$$4500 | ||
|---|---|---|---|
| 001 | 0261155 | ||
| 005 | 20240523122356.0 | ||
| 041 | 0 | |a slo | |
| 044 | |a CZ | ||
| 245 | 1 | 0 | |a System of Food Security |c Gabriela Dubcová, Lea Pusztiová |
| 520 | |a Potravinová bezpečnosť. Bezpečnosť a kvalita potravín - normy. Systém rýchleho varovania. Globálny index potravinovej bezpečnosti. | ||
| 610 | 2 | 0 | |a bezpečnosť potravinová |
| 610 | 2 | 0 | |a ochrana spotrebiteľa |
| 610 | 2 | 0 | |a normy |
| 610 | 2 | 0 | |a potreby životné |
| 610 | 2 | 0 | |a indexy |
| 100 | 1 | |a Dubcová, Gabriela, 1968- | |
| 700 | 1 | |a Pusztiová, Lea, 1994- | |